000
00288nam a2200109Ia 4500
008
200302s9999 xx 000 0 und d
100
_a
Sarah de Boer-Schultz and Others
245
_a
Goods Interior Products From Sketch to Use
260
_b
Frame Publishers
260
_c
2013
300
_a
500
999
_c
3703
_d
3703